2025 Premier League Teams - Statistics

General Stats
  • This quiz has been taken 37 times
  • The average score is 18 of 20
Answer Stats
Team % Correct
Arsenal
100%
Manchester City
100%
Manchester United
100%
Liverpool
97%
West Ham
94%
Aston Villa
91%
Chelsea
91%
Newcastle
91%
Nottingham Forest
91%
Brighton
88%
Southampton
88%
Tottenham Hotspur
88%
Wolves
88%
Crystal Palace
84%
Fulham
84%
Leicester City
84%
Everton
81%
Ipswich Town
81%
Bournemouth
75%
Brentford
66%
No matching quizzes found
Score Distribution
Percent of People with Each Score
Percentile by Number Answered
Your Score History
You have not taken this quiz